000 00533nam a22002177a 4500
003 UA-OsUOA
001 110177
007 ta
008 20150224b un ||||| |||| 00| 0 ukr d
100 _aЦимюалюк М.
090 _a32
_bЦ61
942 _cSA
040 _aUA-OsUOA
_bukr
_cUA-OsUOA
_dUA-OsUOA
245 _aГуманітарна складова національно їбезпеки
300 _aС.1,4
955 _a0
041 _aukr
080 _a32
773 0 _w110176
650 7 _a32 Політика
_2UDC
999 _c396638
_d396638